000 00722nam a2200241 a 4500
005 20250212063727.0
008 991125s2006 esp 000 0 spa u
020 _a8497841549
035 _aUPN01000154018
049 _aCG
050 4 _aHQ21
_bA4.3
100 1 _aAlberoni, Francesco,
_d1929-
_928693
245 1 3 _aEl erotismo /
_cpor Francesco Alberoni ; tr. Beatriz E. Anastasi de Lonné.
260 _aBarcelona, Esp. :
_bGedisa,
_c2006.
300 _a286 p.
440 0 _aBiblioteca Alberoni
534 _pTraducción de:
_tL´erotismo
650 2 _aSexualidad
_97977
650 2 _aErotismo
_910081
650 4 _aMujeres
_xConducta sexual
_98809
650 4 _aHOMBRES -
_xCONDUCTA SEXUAL
_97603
905 _aLibro
999 _c126135
_d126135